Reglamento de la Escuela Provincial de Artes y Oficios de la Habana
Descripción Física:
53 p. ; 15 cm
MARC
| LEADER | 00000nam a2200000Ia 4500 | ||
|---|---|---|---|
| 001 | 20687 | ||
| 003 | BGR | ||
| 005 | 20260410113652.0 | ||
| 008 | 160829s1886 xx 000 0 cat d | ||
| 080 | |a RF-8-9 | ||
| 110 | 1 | |a Escuela Provincial de Artes y Oficios de la Habana |9 70841 | |
| 245 | |a Reglamento de la Escuela Provincial de Artes y Oficios de la Habana | ||
| 260 | |a Habana : |b Imprenta La Razón, |c 1886 | ||
| 300 | |a 53 p. ; |c 15 cm | ||
| 590 | |a Prové de 1381, exp. 38 | ||
| 650 | |a Escuela Provincial de Artes y Oficios de la Habana |x Reglaments i procediment |9 46810 | ||
| 856 | 4 | |u https://media.diba.cat/diba/fitxers/arxiu/fulletons/bib_20687_1886_baixa.pdf |y Accés lliure | |
| 856 | 4 | |u https://media.diba.cat/diba/fitxers/arxiu/fulletons/bib_20687_1886_baixa.pdf |y Accés lliure | |
| 900 | |a bib_20687_1886_baixa.pdf | ||
| 901 | |a Arxiu | ||
| 942 | |n 1 |2 udc |c MON | ||
| 952 | |0 0 |1 0 |4 0 |6 RF89 |7 1 |9 53464 |a Arxiu |b Arxiu |d 2016-12-01 |l 0 |o RF-8-9 |p 20687 |r 2016-12-01 00:00:00 |w 2016-12-01 |y ARXIU | ||
| 999 | |c 57330 |d 57330 | ||